书目信息 |
| 题名: |
冷战后的世界共产党
|
|
| 作者: | 王坚红 著 | |
| 分册: | ||
| 出版信息: | 北京 中共党史出版社 1996.10 |
|
| 页数: | 272页 | |
| 开本: | 19cm | |
| 丛书名: | ||
| 单 册: | ||
| 中图分类: | D18 | |
| 科图分类: | ||
| 主题词: | 国际共产主义运动--1956.4~ | |
| 电子资源: | ||
| ISBN: | 7-80136-029-X | |
| 000 | 00553nam0 2200193 45 | |
| 001 | 0003230817 | |
| 005 | 20041206160834.8 | |
| 010 | @a7-80136-029-X@dCNY13.00 | |
| 100 | @a20000323d1996 km y0chiy0120 ea | |
| 101 | @achi | |
| 105 | @a z 000yy | |
| 200 | 1 | @a冷战后的世界共产党@ALeng Zhan Hou De Shi Jie Gong Chan Dang@f王坚红著@FWang Jian Hong Zhu |
| 210 | @a北京@c中共党史出版社@d1996.10 | |
| 215 | @a272页@d19cm | |
| 606 | 0 | @a国际共产主义运动@z1956.4~ |
| 690 | @aD18@v1 | |
| 701 | 0 | @a王坚红@4著 |
| 801 | @aCN@bTSTC@c20000323 | |
| 905 | @dD18@e15 | |
| 冷战后的世界共产党/王坚红著.-北京:中共党史出版社,1996.10 |
| 272页;19cm |
| ISBN 7-80136-029-X:CNY13.00 |
| ● |
| 相关链接 |
|
|
|
|
正题名:冷战后的世界共产党
索取号:D18/15
 
预约/预借
| 序号 | 登录号 | 条形码 | 馆藏地/架位号 | 状态 | 备注 |
| 1 | 0276929 | 001499854 | 密集书库/ [索取号:D18/15] | 在馆 | |
| 2 | 0276930 | 001499818 | 第一借阅区/ [索取号:D18/15] | 在馆 | |
| 3 | 0276931 | 001495929 | 第一样本阅览室/ [索取号:D18/15] | 在馆 |